Bahnhöfe in Deutschland - Bilderquiz - Statistiken

Allgemein
  • Dieses Quiz wurde 280 mal gespielt
  • Das Durchschnittsergebnis liegt bei 9 aus 16
Antwortstatistiken
Bildquiz Antwort % Korrekt
Hamburg Hbf
83%
Köln Hbf
83%
Berlin Hbf
78%
Frankfurt (Main) Hbf
74%
Erfurt Hbf
63%
Stuttgart Hbf
59%
Leipzig Hbf
56%
Bremen Hbf
54%
Hannover Hbf
54%
Berlin Alexanderplatz
53%
Düsseldorf Hbf
43%
Kassel-Wilhelmshöhe
41%
Kiel Hbf
35%
Nürnberg Hbf
33%
München Hbf
31%
Wuppertal Hbf
27%
Keine übereinstimmenden Quizze gefunden
Verteilung der Resultate
Anzahl Personen mit jedem Resultat
Perzentil nach korrekt beantworteten Fragen
Ihre Resultats-Entwicklung
Sie haben dieses Quiz noch nicht gespielt